Bibliographie de dictionnaires scientifiques et techniques multilingues = Bibliography of International Scientific and Technical Dictionaries = Bibliografia de Diccionarios cientificos y Técnicos Plurilingües (Record no. 35439)

MARC details
000 -LEADER
fixed length control field 00832 a2200229 4500
003 - CONTROL NUMBER IDENTIFIER
control field 0
005 - DATE AND TIME OF LATEST TRANSACTION
control field 20160609155644.0
008 - FIXED-LENGTH DATA ELEMENTS--GENERAL INFORMATION
fixed length control field 100513t xxu||||| |||| 00| 0 eng d
040 ## - SOURCE DU CATALOGAGE
Original cataloging agency BUAC
Language of cataloging Fr
041 ## - CODE DE LANGUE
Language code of text/sound track or separate title Fr
082 ## - DEWEY DECIMAL CLASSIFICATION NUMBER
Classification number 016
110 ## - VEDETTE PRINCIPALE - NOM DE COLLECTIVITE
Corporate name or jurisdiction name as entry element UNESCO
9 (RLIN) 5081
245 ## - TITLE STATEMENT
Title Bibliographie de dictionnaires scientifiques et techniques multilingues = Bibliography of International Scientific and Technical Dictionaries = Bibliografia de Diccionarios cientificos y Técnicos Plurilingües
Statement of responsibility, etc UNESCO
250 ## - EDITION STATEMENT
Edition statement 5ème éd.
260 ## - PUBLICATION, DISTRIBUTION, ETC. (IMPRINT)
Name of publisher, distributor, etc Ed. Unesco,
Place of publication, distribution, etc Paris :
Date of publication, distribution, etc 1965
300 ## - PHYSICAL DESCRIPTION
Extent 250 p
Other physical details 24 cm.
500 ## - GENERAL NOTE
General note Index des auteurs pp. 217 - 236, Index matières pp. 237 - 247
630 ## - SUBJECT ADDED ENTRY--UNIFORM TITLE
Uniform title GENERALITES
9 (RLIN) 5082
650 ## - SUBJECT ADDED ENTRY--TOPICAL TERM
Topical term or geographic name as entry element Bibliographie : dictionnaire (français - anglais - espagnol) multilingue
9 (RLIN) 5083
942 ## - ADDED ENTRY ELEMENTS (KOHA)
Koha item type Livre
Holdings
Withdrawn status Lost status Damaged status Not for loan Location (home branch) Sublocation or collection (holding branch) Date acquired Source of acquisition Koha issues (times borrowed) Koha full call number Koha date last seen Copy number Price effective from Koha item type
        Bibliothèque Universitaire Centrale Bibliothèque Universitaire Centrale   Achat   016 BIB 13/05/2010 1 13/05/2010 Livre


© 2008, Bibliothèques de l'Université d'Abomey-Calavi

04 BP 789 Cotonou, Tél. : +229 21 36 01 01, Fax : +229 21 35 06 32

Courriel : bu@bu.uac.bj